Statistics for Famous People Named Cary, Carey, Carrey, Carrie, Keri, or Kerry

Click here to take the quiz!

General Stats

  • This quiz has been taken 127 times
    (62 since last reset)
  • The average score is 7 of 15

Answer Stats

LifeHintPerson% Correct
1962–Rubber-faced actor of Ace Ventura: Pet Detective Jim Carrey
91%
1956–2016Princess LeiaCarrie Fisher
88%
1904–1986Classic Hollywood leading man (1930s–1960s)Cary Grant
74%
1943–Secretary of state for Obama who ran for President in 2004John Kerry
61%
1969–Billboard's Artist of the Decade (1990s)Mariah Carey
58%
1962–The Princess Bride and Robin Hood: Men in TightsCary Elwes
56%
1958–Whose Line Is It Anyway? and The Price is Right hostDrew Carey
56%
1983–Best-selling country singer of "Inside Your Heaven"Carrie Underwood
53%
FictionalMain character from Sex and the CityCarrie Bradshaw
51%
1967–Played Trinity in the Matrix seriesCarrie-Anne Moss
42%
1985–Oscar-nominated British actress of An EducationCarey Mulligan
28%
FictionalMain character from CarrieCarrie White
23%
1976–Portrayed the titular character on the drama series FelicityKeri Russell
21%
1957–Leader of Hong Kong from 2017 to 2022Carrie Lam
11%
1961–Virtuoso drummer of ToolDanny Carey
11%

Score Distribution

Percentile by Number Answered

Percent of People with Each Score

Your Score History

You have not taken this quiz since the last reset